00428cam a22001097a 4500008003800000082001800038245008600056260005600142500002400198650004100222700005500263180718b-- xxu||||| |||| 00| 0 eng d aT19x5434 R137 aEconomic review, Rajasthancby Directorate of Economics and Statistics, Rajasthan aJaipurbDirectorate of Economics and Statisticsc-- aLibrary has 2005-06 aEconomic surveys - India - Rajasthan aRajasthan. Directorate of Economics and Statistics